000
00205nam a2200085Ia 4500
008
120527s9999 xx 000 0 und d
100
_a
Gilbert, R.Kathleen
245
_a
Marriage and family 98/99
942
_c
BK
999
_c
27562
_d
27562